| 000 | 00931nam a2200289 i 4500 | ||
|---|---|---|---|
| 001 | 66899 | ||
| 003 | ES-MaACL | ||
| 005 | 20250818232005.0 | ||
| 007 | t| | ||
| 008 | 040419s2000 sp ||||1| spa d | ||
| 020 | _a84-88617-24-0 | ||
| 080 | _a821.134.2-3.09"19" | ||
| 245 | 0 | 0 | _aMujer y poesía. |
| 260 |
_aRute : _bÁnfora Nova : _bFundación Ramón Areces, _c2000. |
||
| 300 |
_a138 p. : _bil. col., retr. ; _c30 cm. |
||
| 490 | 1 |
_aÁnfora nova ; _v43-44 |
|
| 530 | _aÍndice disponible en Dialnet. | ||
| 594 | _aNúmero monográfico de la revista literaria Ánfora nova, ISSN 1135-5816 (n. 43-44) | ||
| 650 | 4 |
_aPoesía- _xAutoras. _9174315 |
|
| 650 | 4 |
_aPoesía- _yS.XX _916200 |
|
| 650 | 4 |
_aMujeres- _xEn la literatura. _915271 |
|
| 710 | 2 |
_aFundación Ramón Areces _94401 |
|
| 830 | 1 |
_aÁnfora Nova ; _v43-44 _9179301 |
|
| 852 | 4 |
_aES-MaACL _jL-27375 |
|
| 942 | _2udc | ||
| 999 |
_c66899 _d66899 |
||